EE or EY or IE or Y? Quiz Stats

 Plays Quiz Updated Aug 28, 2015

Also try: 'EI' or 'IE'?
Challenge
Share
Tweet
Embed
Score 0/40 Timer 05:00
3 Plays Today
Word EE, EY, IE, or Y? % Correct
employ???
98%
Dix???
93.4%
Auss???
91.6%
enroll???
91.5%
Lake Er???
90.8%
evacu???
90.8%
nomin???
90.5%
barl???
90.3%
interview???
90.1%
milk???
88.5%
chutn???
87.7%
brasser???
87.6%
attorn???
86.9%
cherries jubil???
86.6%
goo???
85.2%
rotisser???
84.8%
jock???
83.5%
leisurel???
83.5%
jambor???
82.6%
goat???
82.3%
Word EE, EY, IE, or Y? % Correct
paisl???
81.8%
franchis???
80.6%
rup???
79.9%
ancestr???
79.6%
bourgeois???
78.1%
competenc???
77.6%
linger???
75.5%
abl???
72.9%
pledg???
71.4%
dic???
69.2%
barel???
68.9%
Kewp???
66.2%
bonhom???
65.1%
mat???
64.1%
ach???
60.2%
gaucher???
59.1%
baron???
56.9%
progen???
56.7%
argos???
54.3%
brin???
51.3%

You're not logged in!

Compare scores with friends on all Sporcle quizzes.
OR
Log In

You Might Also Like...

Show Comments

Extras

Top Quizzes Today


Score Distribution

Your Account Isn't Verified!

In order to create a playlist on Sporcle, you need to verify the email address you used during registration. Go to your Sporcle Settings to finish the process.

Report this User

Report this user for behavior that violates our Community Guidelines.

Details: